LEADER 01661oam 2200529zu 450 001 9910494603703321 005 20210731015256.0 010 $a1-57181-800-6 010 $a1-57181-799-9 035 $a(CKB)2560000000322466 035 $a(SSID)ssj0001135423 035 $a(PQKBManifestationID)12464915 035 $a(PQKBTitleCode)TC0001135423 035 $a(PQKBWorkID)11095676 035 $a(PQKB)10750366 035 $a(MiAaPQ)EBC6144700 035 $a(EXLCZ)992560000000322466 100 $a20160829d2000 uy 101 0 $aeng 181 $ctxt 182 $cc 183 $acr 200 00$aAnthropologists in a wider world : essays on field research 210 31$a[Place of publication not identified]$cBerghahn Books$d2000 225 0 $aMethodology and history in anthropology Anthropologists in a wider world 300 $aBibliographic Level Mode of Issuance: Monograph 606 $aAnthropology$xFieldwork 606 $aAnthropology$xResearch 606 $aAnthropology$xMethodology 606 $aAnthropology$2HILCC 606 $aSocial Sciences$2HILCC 606 $aAnthropology - General$2HILCC 615 0$aAnthropology$xFieldwork 615 0$aAnthropology$xResearch 615 0$aAnthropology$xMethodology 615 7$aAnthropology 615 7$aSocial Sciences 615 7$aAnthropology - General 676 $a301/.07/23 702 $aDresch$b Paul 702 $aParkin$b David J.$f1940- 702 $aJames$b Wendy 801 0$bPQKB 906 $aBOOK 912 $a9910494603703321 996 $aAnthropologists in a wider world : essays on field research$92451428 997 $aUNINA LEADER 02561nam 2200625 450 001 9910460815003321 005 20210501004343.0 010 $a3-11-057992-8 010 $a3-11-041766-9 010 $a3-11-041780-4 024 7 $a10.1515/9783110417661 035 $a(CKB)3710000000519836 035 $a(EBL)4338516 035 $a(SSID)ssj0001583141 035 $a(PQKBManifestationID)16260217 035 $a(PQKBTitleCode)TC0001583141 035 $a(PQKBWorkID)14861559 035 $a(PQKB)10816443 035 $a(MiAaPQ)EBC4338516 035 $a(DE-B1597)450274 035 $a(OCoLC)979847328 035 $a(DE-B1597)9783110417661 035 $a(Au-PeEL)EBL4338516 035 $a(CaPaEBR)ebr11146757 035 $a(CaONFJC)MIL888917 035 $a(OCoLC)935921770 035 $a(EXLCZ)993710000000519836 100 $a20160212h20162016 uy 0 101 0 $aeng 135 $aur|nu---|u||u 181 $ctxt 182 $cc 183 $acr 200 00$aTraditional Chinese medicine $etheory and principles /$fedited by Hu Dongpei 210 1$aBeijing, [China] :$cDe Gruyter,$d2016. 210 4$dİ2016 215 $a1 online resource (190 p.) 300 $aDescription based upon print version of record. 311 $a3-11-041767-7 311 $a3-11-041729-4 320 $aIncludes bibliographical references and index. 327 $tFront matter --$tPreface --$tContents --$t1 Introduction --$t2 The Philosophical Basis of Traditional Chinese Medicine --$t3 Visceral Manifestation --$t4 The Theory of Qi, Blood, and Body Fluids --$t5 Theory of Meridians and Collaterals --$t6 Constitutional Theory --$t7 Onset of Disease --$t8 Etiology --$t9 Pathogenesis --$t10 Principles of Prevention and Treatment of Diseases --$tReferences 330 $aDerived from ancient Chinese philosophy, Traditional Chinese Medicine is considered to be difficult to understand. This book provides an overview of Traditional Chinese Medicine by illustrating the topics of visceral manifestation, etiology and pathology in a clear manner to readers. Clinical treatments are included to serve as references for practice. This book is well-suited for both researchers and practitioners. 606 $aMedicine, Chinese 608 $aElectronic books. 615 0$aMedicine, Chinese. 676 $a610.951 702 $aHu$b Dongpei 801 0$bMiAaPQ 801 1$bMiAaPQ 801 2$bMiAaPQ 906 $aBOOK 912 $a9910460815003321 996 $aTraditional Chinese medicine$92261476 997 $aUNINA